000 01599cam a2200193 4500
001 2692
005 20181127165523.0
008 030320s2004 pau b 001 0 eng
020 _a8130906406
245 0 0 _aFyodor Dostoevsky's Crime and punishment /
_cedited and with an introduction by Harold Bloom.
246 3 0 _aCrime and punishment
260 _aNew Delhi :
_bViva Books,
_c2007.
300 _avii, 302 p. ;
_c25 cm.
440 0 _aViva modern critical interpretations
504 _aIncludes bibliographical references (p. 285-288) and index.
505 0 _aThe intellectual problem II / A.D. Nuttall -- Characteristics of genre and plot composition in Dostoevsky's works / Mikhail Bakhtin -- Crime and punishment : psychology on trial / Harriet Murav -- In defense of the epilogue of Crime and punishment / David Matual -- The resurrection from inertia in Crime and punishment / Liza Knapp -- Mediating the distance : prophecy and alterity in Greek tragedy and Dostoevsky's Crime and punishment / Naomi Rood -- How Dostoevsky inscribes ""Thou shalt not kill"" in a killer's heart : the decalogue taboo internalized, the it of ""it"" / Olga Meerson -- The art of Crime and punishment / Victor Terras -- The religious symbolism of clothing in Dostoevsky's Crime and punishment / Janet Tucker -- Beyond the will : humiliation as Christian necessity in Crime and punishment / Henry M.W. Russell -- Towards an iconography of Crime and punishment / Antony Johae -- The other Lazarus in Crime and punishment / Linda Ivanits.
600 1 0 _aDostoyevsky, Fyodor,
_d1821-1881.
_t
700 1 _aBloom, Harold.
999 _c2152
_d2152